000 00608nam a2200229Ia 4500
003 OSt
005 20220928115522.0
006 a|||||r|||| 00| 0
007 ta
008 220927b |||||||| |||| 00| 0 eng d
024 _a38893
037 _cTextual
040 _aSDCL
_cSDCL
_beng
041 _2eng
_aeng
082 _aX61.73'N6, K8
100 _aMayer Thomas
_9444707
245 0 _aMonetary policy in the United States.
260 _aNew York
_b Random House
_c1968
300 _axi,238p
_ccm.
942 _hX61.73'N6, K8
_cTEXL
_2CC
999 _c759757
_d759757